000 02567nam a2200445 4500
003 OSt
005 20260515120941.0
008 260515b |||||||| |||| 00| 0 aze d
020 _a9952-34-052-4
020 _a978-9952-34-052-5
040 _aAZ-XaKU
_baze
_cAZ-XaKU
041 0 _aaze
050 1 4 _aPL314 .M89 .W89256 2006
100 1 _aMüznib, Əlabbas,
_clirik və satirik şair, publisist, naşir, tərcüməçi, din tarixçisi,
_d1883-1938,
_emüəllif.
245 1 0 _aSeçilmiş əsərləri
_c / Əlabbas Müznib ; tərtib edəni, ön sözün və lüğətin müəllifi : İslam Ağayev ; buraxılışa məsul : Əziz Güləliyev ; texniki redaktor : Rövşən Ağayev ; tərtibatçı-rəssam : Nərgiz Əliyeva ; korrektorlar : Elnaz Xəlilqızı, Pərinaz Səmədova
250 _aTəkrar nəşr.
264 _aBakı :
_b"Şərq-Qərb",
_c2006.
300 _a256 səhifə ;
_c21 sm.
336 _atext
_btxt
_2rdacontent
337 _aunmediated
_bn
_2rdamedia
338 _avolume
_bnc
_2rdacarrier
490 1 _aMüasir Azərbaycan ədəbiyyatı
500 _aAzərbaycan Respublikasının Prezidenti İlham Əliyevin "Azərbaycan dilində latın qrafikası ilə kütləvi nəşrlərin həyata keçirilməsi haqqında" 12 yanvar 2004-cü il tarixli sərəncamı ilə nəşr olunur və ölkə kitabxanalarına hədiyyə edilir.
500 _aBu kitab "İslam Ağayev. Əlabbas Müznib: həyatı, yaradıcılığı, əsərlərindən seçmələr" (Bakı, Elm, 2003) nəşri əsasında təkrar nəşrə hazırlanmışdır.
500 _aLüğət : s. 250-252.
500 _aSətiraltı qeydlər.
504 _aSətiraltı biblioqrafiya.
505 0 _aİctimai-siyasi şeirlər -- Satirik şeirlər -- Qəzəllər -- Roman -- Məqalələr -- Xatirələr -- "Müxtəsər Ənbiya və İslam tarixi".
520 0 _aBu topluya şairin ictimai-siyasi, satirik şeirləri, qəzəlləri, məqalələri, xatirələri, "Yusif və Züleyxa" romanı və "Müxtəsər Ənbiya və İslam tarixi" əsəri daxil edilmişdir.
650 7 _2AZ-XaKU
_aBədii ədəbiyyat
_xAzərbaycan ədəbiyyatı.
700 1 _aAğayev, İslam,
_etərtib edəni, öz spzün və lüğətin müəllifi.
700 1 _aGüləliyev, Əziz,
_eburaxılışa məsul.
700 1 _aAğayev, Rövşən,
_etexniki redaktor.
700 1 _aƏliyeva, Nərgiz,
_etərtibatçı-rəssam.
700 1 _aXəlilqızı, Elnaz,
_ekorrektor.
700 1 _aSəmədova, Pərinaz,
_ekorrektor.
830 _aMüasir Azərbaycan ədəbiyyatı
942 _cBOOK
999 _c495
_d495